Pathummayude Aadu_Malayalam (Record no. 38083)
[ view plain ]
| 000 -LEADER | |
|---|---|
| fixed length control field | 02415nam a22001817a 4500 |
| 082 ## - DEWEY DECIMAL CLASSIFICATION NUMBER | |
| Classification number | 920 MUH |
| 100 ## - MAIN ENTRY--AUTHOR NAME | |
| Personal name | Vaikom Muhammad Basheer |
| 245 ## - TITLE STATEMENT | |
| Title | Pathummayude Aadu_Malayalam |
| 250 ## - EDITION STATEMENT | |
| Edition statement | 1 |
| 260 ## - PUBLICATION, DISTRIBUTION, ETC. (IMPRINT) | |
| Name of publisher | DC Books |
| Place of publication | Kottayam |
| Year of publication | 2025 |
| 300 ## - PHYSICAL DESCRIPTION | |
| Number of Pages | Number of pages : 124 |
| 500 ## - GENERAL NOTE | |
| General note | Category : Novel |
| 520 ## - SUMMARY, ETC. | |
| Summary, etc | เดตเตเดเตเดเด เดฎเตเดนเดฎเตเดฎเดฆเต เดฌเดทเตเดฑเดฟเดจเตเดฑเต เดตเดณเดฐเต เดชเตเดฐเดถเดธเตเดคเดฎเดพเดฏ เดจเตเดตเดฒเดพเดฃเต เดชเดพเดคเตเดคเตเดฎเตเดฎเดพเดฏเตเดเต เดเดเต. เด เดจเตเดตเดฒเดฟเดจเต เดชเตเดฃเตเดฃเตเดเตเดเดณเตเดเต เดฌเตเดฆเตเดงเดฟ เดเดจเตเดจเตเดฐเต เดชเตเดฐเตเด เดเตเดเดฟ เดฌเดทเตเดฐเตโ เดจเดฒเตโเดเดฟเดฏเดฟเดเตเดเตเดฃเตเดเต. เดเดฒเตเดฒเดพเดตเดฐเดฟเดฒเตเด เดจเดจเตเดฎเดฏเตเด เดธเตเดจเตเดนเดตเตเด เดเดฃเตเดเตเดคเตเดคเตเดจเตเดจ เด เดฆเตเดฆเตเดนเดคเตเดคเดฟเดจเตเดฑเต เดเตเดตเดฟเดคเดตเตเดเตเดทเดฃเด เดเตเดเดฟ เดชเตเดฐเดเดเดฎเดพเดเตเดจเตเดจ เดเตเดคเดฟเดฏเดพเดฃเดฟเดคเต. เดฌเดทเตเดฑเดฟเดจเตเดฑเต เด เดฎเตเดฎเดฏเตเด เดธเดนเตเดฆเดฐเดเตเดเดณเตเด เด เดตเดฐเตเดเต เดญเดพเดฐเตเดฏเดฎเดพเดฐเตเด เดเตเดเตเดเดฟเดเดณเตเด เด เดเดเตเดเตเดจเตเดจ เดตเดฒเดฟเดฏ เดเตเดเตเดเตเดเตเดเตเดเดฌเด เดเดฐเต เดเตเดฑเดฟเดฏ เดตเตเดเตเดเดฟเดฒเตโ เดเดฐเตเดฎเดฟเดเตเดเดพเดฃเต เดเดดเดฟเดเตเดเดฟเดฐเตเดจเตเดจเดคเต. เด เดตเดฟเดเต เดจเดเดเตเดเตเดจเตเดจ เดฆเตเดจเดเดฆเดฟเดจ เดธเดเดญเดต เดตเดฟเดเดพเดธเดเตเดเดณเตโ เดคเดจเตเดฑเต เดคเดจเดคเต เดถเตเดฒเดฟเดฏเดฟเดฒเตโ เดตเดฟเดตเดฐเดฟเดเตเดเดฟเดฐเดฟเดเตเดเตเดเดฏเดพเดฃเต เดฌเดทเตเดฐเตโ เด เดจเตเดตเดฒเดฟเดฒเตโ. เด เดตเตเดเตเดเดฟเดฒเต เดเดฐเต เดเตเดเตเดเดฌเดพเดเดเดตเตเด เดเดจเตเดจเตเดฎเดพเดคเตเดฐเดฎเดฒเตเดฒ, เดฌเดทเตเดฑเดฟเดจเตเดฑเต เดธเดนเตเดฆเดฐเดฟ เดชเดพเดคเตเดคเตเดฎเตเดฎ เดตเดณเดฐเตโเดคเตเดคเตเดจเตเดจ เดเดเต เดตเดฐเต เด เดจเตเดตเดฒเดฟเดฒเต เดเดฅเดพเดชเดพเดคเตเดฐเดเตเดเดณเดพเดฃเต. เดจเตเดตเดฒเดฟเดฒเต เดชเตเดฐเดงเดพเดจ เดเดฅเดพเดชเดพเดคเตเดฐเดฎเดพเดฃเต เดชเดพเดคเตเดคเตเดฎเตเดฎ. เดชเตเดฐเต เดธเตเดเดฟเดชเตเดชเดฟเดเตเดเตเด เดชเตเดฒเต เด เดชเดพเดคเตเดคเตเดฎเตเดฎเดฏเตเดเต เดเดเดฟเดจเต เดเตเดฑเตเดฑเดฟเดชเตเดชเดฑเตเดฑเดฟเดฏเดพเดฃเต เดจเตเดตเดฒเดฟเดจเตเดฑเต เดเดฅเดพเดเดคเดฟ. |
| 546 ## - LANGUAGE NOTE | |
| Language note | Language : Malayalam |
| 650 ## - SUBJECT ADDED ENTRY--TOPICAL TERM | |
| Topical Term | GEN |
| 942 ## - ADDED ENTRY ELEMENTS (KOHA) | |
| Koha item type | Text Book |
| 952 ## - LOCATION AND ITEM INFORMATION (KOHA) | |
| Damaged status | |
| Not for loan | |
| Withdrawn status | Collection code | Permanent Location | Current Location | Date acquired | Source of acquisition | Cost, normal purchase price | Inventory number | Full call number | Accession Number | Price effective from | Koha item type |
|---|---|---|---|---|---|---|---|---|---|---|---|
| GENERAL | VAST Central Library | VAST Central Library | 25/11/2025 | Dc Bookshop,Thrissur | 160.00 | 000729 | 920 MUH | 38220 | 17/12/2025 | Text Book |